| 000 | 00750nam a2200265Ia 4500 | ||
|---|---|---|---|
| 003 | OSt | ||
| 005 | 20221006153741.0 | ||
| 006 | a|||||r|||| 00| 0 | ||
| 007 | ta | ||
| 008 | 221006b |||||||| |||| 00| 0 chi d | ||
| 020 |
_a9789576784279 _c700yuan |
||
| 024 | _a33,227 | ||
| 037 |
_bGift, PRC _cAnnuals, Advances |
||
| 040 |
_aEASL _cEASL _bchi |
||
| 041 |
_2chi _achi |
||
| 082 | _a2n4295,P4, 41P4 | ||
| 100 |
_aTU SHU GUAN NIAN JIAN _9665252 |
||
| 245 | 0 | _aTu Shu Guan Nian Jian | |
| 260 |
_aTaipei _bGuo Jia Tu Shu Guan Taiwan _c2004 |
||
| 300 |
_a591p. _ccm. |
||
| 490 | _v CL | ||
| 650 |
_aCL _9642733 |
||
| 942 |
_h2n4295,P4, 41P4 _cREF _2CC |
||
| 999 |
_c1101313 _d1101313 |
||